Advanced engineering mathematics (Record no. 2354)

000 -LEADER
fixed length control field 00457nam a22001937a 4500
001 - CONTROL NUMBER
control field 2354
003 - CONTROL NUMBER IDENTIFIER
control field BD-DhUET
008 - FIXED-LENGTH DATA ELEMENTS--GENERAL INFORMATION
fixed length control field 140922b xxu||||| |||| 00| 0 eng d
020 ## - INTERNATIONAL STANDARD BOOK NUMBER
International Standard Book Number 8121903459
040 ## - CATALOGING SOURCE
Transcribing agency 0
Modifying agency BD-DhUET
082 ## - DEWEY DECIMAL CLASSIFICATION NUMBER
Classification number 510
Item number DAS/2007
100 ## - MAIN ENTRY--PERSONAL NAME
Personal name Dass, H.K.
245 ## - TITLE STATEMENT
Title Advanced engineering mathematics
250 ## - EDITION STATEMENT
Edition statement 17th Rev. ed.
260 ## - PUBLICATION, DISTRIBUTION, ETC. (IMPRINT)
Place of publication, distribution, etc. Ram Nagar
Name of publisher, distributor, etc. S. Chand.
Date of publication, distribution, etc. 2007
300 ## - PHYSICAL DESCRIPTION
Extent xvi,1274p.
650 #0 - SUBJECT ADDED ENTRY--TOPICAL TERM
Topical term or geographic name as entry element Mathematics
942 ## - ADDED ENTRY ELEMENTS (KOHA)
Koha item type General Book
Holdings
Source of classification or shelving scheme Lost status Copy number Date acquired Koha issues (times borrowed) Koha date last seen Location (home branch) Damaged status Price effective from Not for loan Koha item type Withdrawn status Piece designation (barcode) Koha out on loan Sublocation or collection (holding branch) Koha full call number Koha date last borrowed Koha normalized classification for sorting Shelving location
  12014-09-2232023-05-06Central Library, BUET 2014-09-22 General Book 103924 Central Library, BUET510/DAS/20072022-11-23510DAS2007Circulation section
  22014-09-2262026-01-13Central Library, BUET 2014-09-22 General Book 1039252026-01-27Central Library, BUET510/DAS/20072026-01-13510DAS2007Circulation section
  32014-09-2242025-02-10Central Library, BUET 2014-09-22 General Book 103927 Central Library, BUET510/DAS/20072024-12-01510DAS2007Circulation section
  42014-09-2232023-06-05Central Library, BUET 2014-09-22 General Book 103928 Central Library, BUET510/DAS/20072023-03-22510DAS2007Circulation section
  52014-09-2212016-02-24Central Library, BUET 2014-09-22 General Book 103929 Central Library, BUET510/DAS/20072014-11-12510DAS2007Circulation section
  72014-09-2222023-02-28Central Library, BUET 2014-09-22 General Book 103931 Central Library, BUET510/DAS/20072023-01-11510DAS2007Circulation section
  62014-09-2222023-06-07Central Library, BUET 2014-09-22 General Book 103930 Central Library, BUET510/DAS/20072022-11-23510DAS2007Circulation section
  82015-01-2622019-03-31Central Library, BUET 2015-01-26 General Book 103922 Central Library, BUET510/DAS/20072019-01-20510_000000000000000_DAS_2007Circulation section
  92015-09-0122025-04-07Central Library, BUET 2015-09-01 General Book 103923 Central Library, BUET510DAS/20072025-03-02510DAS_2007_000000000000000Circulation section
  102007-05-28112024-11-24Central Library, BUET 2017-05-29 General Book 1039262024-12-08Central Library, BUET510/DAS/20072024-11-24510_000000000000000_DAS_2007Circulation section